<?xml version="1.0" encoding="UTF-8"?>
<marc:record xmlns:marc="http://www.loc.gov/MARC21/slim" type="Bibliographic">
   <marc:leader>00000nam a2200000 c 4500</marc:leader>
   <marc:controlfield tag="001">880102357</marc:controlfield>
   <marc:controlfield tag="003">DE-101</marc:controlfield>
   <marc:controlfield tag="005">20171202122255.0</marc:controlfield>
   <marc:controlfield tag="007">tu</marc:controlfield>
   <marc:controlfield tag="008">880126s1987    gw ||||| |||| 00||||ger  </marc:controlfield>
   <marc:datafield ind1=" " ind2=" " tag="015">
      <marc:subfield code="a">88,A06,2171</marc:subfield>
      <marc:subfield code="2">dnb</marc:subfield>
   </marc:datafield>
   <marc:datafield ind1="7" ind2=" " tag="016">
      <marc:subfield code="2">DE-101</marc:subfield>
      <marc:subfield code="a">880102357</marc:subfield>
   </marc:datafield>
   <marc:datafield ind1=" " ind2=" " tag="020">
      <marc:subfield code="a">9783442067596</marc:subfield>
      <marc:subfield code="c">kart. : DM 14.80</marc:subfield>
      <marc:subfield code="9">978-3-442-06759-6</marc:subfield>
   </marc:datafield>
   <marc:datafield ind1=" " ind2=" " tag="020">
      <marc:subfield code="a">3442067596</marc:subfield>
      <marc:subfield code="c">kart. : DM 14.80</marc:subfield>
      <marc:subfield code="9">3-442-06759-6</marc:subfield>
   </marc:datafield>
   <marc:datafield ind1=" " ind2=" " tag="035">
      <marc:subfield code="a">(DE-599)DNB880102357</marc:subfield>
   </marc:datafield>
   <marc:datafield ind1=" " ind2=" " tag="035">
      <marc:subfield code="a">(OCoLC)74939234</marc:subfield>
   </marc:datafield>
   <marc:datafield ind1=" " ind2=" " tag="040">
      <marc:subfield code="a">1200</marc:subfield>
      <marc:subfield code="b">ger</marc:subfield>
      <marc:subfield code="c">DE-101</marc:subfield>
      <marc:subfield code="d">9999</marc:subfield>
   </marc:datafield>
   <marc:datafield ind1=" " ind2=" " tag="041">
      <marc:subfield code="a">ger</marc:subfield>
   </marc:datafield>
   <marc:datafield ind1=" " ind2=" " tag="043">
      <marc:subfield code="c">XB-IN</marc:subfield>
      <marc:subfield code="c">XB-IN</marc:subfield>
      <marc:subfield code="c">XB-PK</marc:subfield>
      <marc:subfield code="c">XB-IN</marc:subfield>
   </marc:datafield>
   <marc:datafield ind1=" " ind2=" " tag="044">
      <marc:subfield code="c">XA-DE</marc:subfield>
   </marc:datafield>
   <marc:datafield ind1=" " ind2=" " tag="084">
      <marc:subfield code="a">63</marc:subfield>
      <marc:subfield code="a">900</marc:subfield>
      <marc:subfield code="a">920</marc:subfield>
      <marc:subfield code="a">930</marc:subfield>
      <marc:subfield code="a">940</marc:subfield>
      <marc:subfield code="a">943</marc:subfield>
      <marc:subfield code="a">950</marc:subfield>
      <marc:subfield code="a">960</marc:subfield>
      <marc:subfield code="a">970</marc:subfield>
      <marc:subfield code="a">980</marc:subfield>
      <marc:subfield code="a">990</marc:subfield>
      <marc:subfield code="q">DE-101</marc:subfield>
      <marc:subfield code="2">sdnb</marc:subfield>
   </marc:datafield>
   <marc:datafield ind1=" " ind2=" " tag="084">
      <marc:subfield code="a">16.5p</marc:subfield>
      <marc:subfield code="a">16.5</marc:subfield>
      <marc:subfield code="a">16.5p</marc:subfield>
      <marc:subfield code="a">16.5</marc:subfield>
      <marc:subfield code="a">16.5p</marc:subfield>
      <marc:subfield code="a">16.5</marc:subfield>
      <marc:subfield code="q">DE-101</marc:subfield>
      <marc:subfield code="2">sswd</marc:subfield>
   </marc:datafield>
   <marc:datafield ind1="1" ind2=" " tag="100">
      <marc:subfield code="0">(DE-588)105170178</marc:subfield>
      <marc:subfield code="0">http://d-nb.info/gnd/105170178</marc:subfield>
      <marc:subfield code="0">(DE-101)105170178</marc:subfield>
      <marc:subfield code="a">Collins, Larry</marc:subfield>
      <marc:subfield code="d">1929-2005</marc:subfield>
      <marc:subfield code="e">Verfasser</marc:subfield>
      <marc:subfield code="4">aut</marc:subfield>
   </marc:datafield>
   <marc:datafield ind1="0" ind2="0" tag="245">
      <marc:subfield code="a">Gandhi - um Mitternacht die Freiheit</marc:subfield>
      <marc:subfield code="c">Larry Collins u. Dominique Lapierre. [Übers. aus d. Amerikan. unter Verwendung d. franz. Ausg.: Christian Spiel]</marc:subfield>
   </marc:datafield>
   <marc:datafield ind1=" " ind2=" " tag="250">
      <marc:subfield code="a">Ungekürzte Ausg., 5. Aufl.</marc:subfield>
   </marc:datafield>
   <marc:datafield ind1=" " ind2=" " tag="259">
      <marc:subfield code="a">15</marc:subfield>
   </marc:datafield>
   <marc:datafield ind1=" " ind2="1" tag="264">
      <marc:subfield code="a">München</marc:subfield>
      <marc:subfield code="b">Goldmann</marc:subfield>
      <marc:subfield code="c">1987</marc:subfield>
   </marc:datafield>
   <marc:datafield ind1=" " ind2=" " tag="300">
      <marc:subfield code="a">503 S.</marc:subfield>
      <marc:subfield code="b">59 Ill., Kt.</marc:subfield>
      <marc:subfield code="c">18 cm</marc:subfield>
   </marc:datafield>
   <marc:datafield ind1=" " ind2=" " tag="336">
      <marc:subfield code="a">Text</marc:subfield>
      <marc:subfield code="b">txt</marc:subfield>
      <marc:subfield code="2">rdacontent</marc:subfield>
   </marc:datafield>
   <marc:datafield ind1=" " ind2=" " tag="337">
      <marc:subfield code="a">ohne Hilfsmittel zu benutzen</marc:subfield>
      <marc:subfield code="b">n</marc:subfield>
      <marc:subfield code="2">rdamedia</marc:subfield>
   </marc:datafield>
   <marc:datafield ind1=" " ind2=" " tag="338">
      <marc:subfield code="a">Band</marc:subfield>
      <marc:subfield code="b">nc</marc:subfield>
      <marc:subfield code="2">rdacarrier</marc:subfield>
   </marc:datafield>
   <marc:datafield ind1="1" ind2=" " tag="490">
      <marc:subfield code="a">Goldmann</marc:subfield>
      <marc:subfield code="v">6759</marc:subfield>
   </marc:datafield>
   <marc:datafield ind1=" " ind2=" " tag="500">
      <marc:subfield code="a">Lizenzausg. d. Bertelsmann-Verl.-GmbH, München. - Literaturverz. S. 499 - 503</marc:subfield>
   </marc:datafield>
   <marc:datafield ind1="1" ind2="7" tag="600">
      <marc:subfield code="0">(DE-588)118639145</marc:subfield>
      <marc:subfield code="0">http://d-nb.info/gnd/118639145</marc:subfield>
      <marc:subfield code="0">(DE-101)118639145</marc:subfield>
      <marc:subfield code="a">Gandhi, Mohandas Karamchand</marc:subfield>
      <marc:subfield code="d">1869-1948</marc:subfield>
      <marc:subfield code="2">gnd</marc:subfield>
   </marc:datafield>
   <marc:datafield ind1="1" ind2="7" tag="600">
      <marc:subfield code="0">(DE-588)118639145</marc:subfield>
      <marc:subfield code="0">http://d-nb.info/gnd/118639145</marc:subfield>
      <marc:subfield code="0">(DE-101)118639145</marc:subfield>
      <marc:subfield code="a">Gandhi, Mohandas Karamchand</marc:subfield>
      <marc:subfield code="d">1869-1948</marc:subfield>
      <marc:subfield code="2">gnd</marc:subfield>
   </marc:datafield>
   <marc:datafield ind1="1" ind2="7" tag="600">
      <marc:subfield code="0">(DE-588)118639145</marc:subfield>
      <marc:subfield code="0">http://d-nb.info/gnd/118639145</marc:subfield>
      <marc:subfield code="0">(DE-101)118639145</marc:subfield>
      <marc:subfield code="a">Gandhi, Mohandas Karamchand</marc:subfield>
      <marc:subfield code="d">1869-1948</marc:subfield>
      <marc:subfield code="2">gnd</marc:subfield>
   </marc:datafield>
   <marc:datafield ind1=" " ind2="7" tag="650">
      <marc:subfield code="0">(DE-588)4186820-1</marc:subfield>
      <marc:subfield code="0">http://d-nb.info/gnd/4186820-1</marc:subfield>
      <marc:subfield code="0">(DE-101)04186820X</marc:subfield>
      <marc:subfield code="a">Unabhängigkeit</marc:subfield>
      <marc:subfield code="2">gnd</marc:subfield>
   </marc:datafield>
   <marc:datafield ind1=" " ind2="7" tag="650">
      <marc:subfield code="0">(DE-588)4020642-7</marc:subfield>
      <marc:subfield code="0">http://d-nb.info/gnd/4020642-7</marc:subfield>
      <marc:subfield code="0">(DE-101)040206424</marc:subfield>
      <marc:subfield code="a">Gründung</marc:subfield>
      <marc:subfield code="2">gnd</marc:subfield>
   </marc:datafield>
   <marc:datafield ind1=" " ind2="7" tag="650">
      <marc:subfield code="0">(DE-588)4121814-0</marc:subfield>
      <marc:subfield code="0">http://d-nb.info/gnd/4121814-0</marc:subfield>
      <marc:subfield code="0">(DE-101)041218140</marc:subfield>
      <marc:subfield code="a">Unabhängigkeitsbewegung</marc:subfield>
      <marc:subfield code="2">gnd</marc:subfield>
   </marc:datafield>
   <marc:datafield ind1=" " ind2="7" tag="651">
      <marc:subfield code="0">(DE-588)4026722-2</marc:subfield>
      <marc:subfield code="0">http://d-nb.info/gnd/4026722-2</marc:subfield>
      <marc:subfield code="0">(DE-101)040267229</marc:subfield>
      <marc:subfield code="a">Indien</marc:subfield>
      <marc:subfield code="2">gnd</marc:subfield>
   </marc:datafield>
   <marc:datafield ind1=" " ind2="7" tag="651">
      <marc:subfield code="0">(DE-588)4075812-6</marc:subfield>
      <marc:subfield code="0">http://d-nb.info/gnd/4075812-6</marc:subfield>
      <marc:subfield code="0">(DE-101)040758125</marc:subfield>
      <marc:subfield code="a">Pakistan</marc:subfield>
      <marc:subfield code="2">gnd</marc:subfield>
   </marc:datafield>
   <marc:datafield ind1=" " ind2="7" tag="651">
      <marc:subfield code="0">(DE-588)4026722-2</marc:subfield>
      <marc:subfield code="0">http://d-nb.info/gnd/4026722-2</marc:subfield>
      <marc:subfield code="0">(DE-101)040267229</marc:subfield>
      <marc:subfield code="a">Indien</marc:subfield>
      <marc:subfield code="2">gnd</marc:subfield>
   </marc:datafield>
   <marc:datafield ind1="0" ind2="0" tag="689">
      <marc:subfield code="0">(DE-588)118639145</marc:subfield>
      <marc:subfield code="0">http://d-nb.info/gnd/118639145</marc:subfield>
      <marc:subfield code="0">(DE-101)118639145</marc:subfield>
      <marc:subfield code="D">p</marc:subfield>
      <marc:subfield code="a">Gandhi, Mohandas Karamchand</marc:subfield>
      <marc:subfield code="d">1869-1948</marc:subfield>
   </marc:datafield>
   <marc:datafield ind1="0" ind2="1" tag="689">
      <marc:subfield code="0">(DE-588)4026722-2</marc:subfield>
      <marc:subfield code="0">http://d-nb.info/gnd/4026722-2</marc:subfield>
      <marc:subfield code="0">(DE-101)040267229</marc:subfield>
      <marc:subfield code="D">g</marc:subfield>
      <marc:subfield code="a">Indien</marc:subfield>
   </marc:datafield>
   <marc:datafield ind1="0" ind2="2" tag="689">
      <marc:subfield code="0">(DE-588)4186820-1</marc:subfield>
      <marc:subfield code="0">http://d-nb.info/gnd/4186820-1</marc:subfield>
      <marc:subfield code="0">(DE-101)04186820X</marc:subfield>
      <marc:subfield code="D">s</marc:subfield>
      <marc:subfield code="a">Unabhängigkeit</marc:subfield>
   </marc:datafield>
   <marc:datafield ind1="0" ind2=" " tag="689">
      <marc:subfield code="5">DE-101</marc:subfield>
      <marc:subfield code="5">DE-101</marc:subfield>
   </marc:datafield>
   <marc:datafield ind1="1" ind2="0" tag="689">
      <marc:subfield code="0">(DE-588)118639145</marc:subfield>
      <marc:subfield code="0">http://d-nb.info/gnd/118639145</marc:subfield>
      <marc:subfield code="0">(DE-101)118639145</marc:subfield>
      <marc:subfield code="D">p</marc:subfield>
      <marc:subfield code="a">Gandhi, Mohandas Karamchand</marc:subfield>
      <marc:subfield code="d">1869-1948</marc:subfield>
   </marc:datafield>
   <marc:datafield ind1="1" ind2="1" tag="689">
      <marc:subfield code="0">(DE-588)4075812-6</marc:subfield>
      <marc:subfield code="0">http://d-nb.info/gnd/4075812-6</marc:subfield>
      <marc:subfield code="0">(DE-101)040758125</marc:subfield>
      <marc:subfield code="D">g</marc:subfield>
      <marc:subfield code="a">Pakistan</marc:subfield>
   </marc:datafield>
   <marc:datafield ind1="1" ind2="2" tag="689">
      <marc:subfield code="0">(DE-588)4020642-7</marc:subfield>
      <marc:subfield code="0">http://d-nb.info/gnd/4020642-7</marc:subfield>
      <marc:subfield code="0">(DE-101)040206424</marc:subfield>
      <marc:subfield code="D">s</marc:subfield>
      <marc:subfield code="a">Gründung</marc:subfield>
   </marc:datafield>
   <marc:datafield ind1="1" ind2=" " tag="689">
      <marc:subfield code="5">DE-101</marc:subfield>
      <marc:subfield code="5">DE-101</marc:subfield>
   </marc:datafield>
   <marc:datafield ind1="2" ind2="0" tag="689">
      <marc:subfield code="0">(DE-588)118639145</marc:subfield>
      <marc:subfield code="0">http://d-nb.info/gnd/118639145</marc:subfield>
      <marc:subfield code="0">(DE-101)118639145</marc:subfield>
      <marc:subfield code="D">p</marc:subfield>
      <marc:subfield code="a">Gandhi, Mohandas Karamchand</marc:subfield>
      <marc:subfield code="d">1869-1948</marc:subfield>
   </marc:datafield>
   <marc:datafield ind1="2" ind2="1" tag="689">
      <marc:subfield code="0">(DE-588)4026722-2</marc:subfield>
      <marc:subfield code="0">http://d-nb.info/gnd/4026722-2</marc:subfield>
      <marc:subfield code="0">(DE-101)040267229</marc:subfield>
      <marc:subfield code="D">g</marc:subfield>
      <marc:subfield code="a">Indien</marc:subfield>
   </marc:datafield>
   <marc:datafield ind1="2" ind2="2" tag="689">
      <marc:subfield code="0">(DE-588)4121814-0</marc:subfield>
      <marc:subfield code="0">http://d-nb.info/gnd/4121814-0</marc:subfield>
      <marc:subfield code="0">(DE-101)041218140</marc:subfield>
      <marc:subfield code="D">s</marc:subfield>
      <marc:subfield code="a">Unabhängigkeitsbewegung</marc:subfield>
   </marc:datafield>
   <marc:datafield ind1="2" ind2=" " tag="689">
      <marc:subfield code="5">DE-101</marc:subfield>
      <marc:subfield code="5">DE-101</marc:subfield>
   </marc:datafield>
   <marc:datafield ind1="1" ind2=" " tag="700">
      <marc:subfield code="0">(DE-588)119061767</marc:subfield>
      <marc:subfield code="0">http://d-nb.info/gnd/119061767</marc:subfield>
      <marc:subfield code="0">(DE-101)119061767</marc:subfield>
      <marc:subfield code="a">Lapierre, Dominique</marc:subfield>
      <marc:subfield code="d">1931-</marc:subfield>
      <marc:subfield code="e">Verfasser</marc:subfield>
      <marc:subfield code="4">aut</marc:subfield>
   </marc:datafield>
   <marc:datafield ind1="1" ind2="2" tag="700">
      <marc:subfield code="a">Collins, Larry</marc:subfield>
      <marc:subfield code="d">1929-2005</marc:subfield>
      <marc:subfield code="t">Freedom at midnight</marc:subfield>
      <marc:subfield code="g">dt.</marc:subfield>
   </marc:datafield>
   <marc:datafield ind1=" " ind2="0" tag="830">
      <marc:subfield code="a">Goldmann</marc:subfield>
      <marc:subfield code="v">6759</marc:subfield>
      <marc:subfield code="w">(DE-101)01079042X</marc:subfield>
      <marc:subfield code="w">(DE-600)135758-x</marc:subfield>
      <marc:subfield code="9">46759</marc:subfield>
      <marc:subfield code="7">as</marc:subfield>
   </marc:datafield>
   <marc:datafield ind1=" " ind2=" " tag="850">
      <marc:subfield code="a">DE-101b</marc:subfield>
   </marc:datafield>
</marc:record>
